[Event "CHN League Men 2019"]
[Site "Daqing CHN"]
[Date "2019.06.24"]
[Round "6.3"]
[Board "2"]
[White "Li, Shilong"]
[Black "Li, Chao b"]
[Result "0-1"]
[WhiteTitle "GM"]
[BlackTitle "GM"]
[WhiteElo "2482"]
[BlackElo "2698"]
[WhiteTeam "Guangdong"]
[BlackTeam "Beijing"]
[WhiteFideId "8600678"]
[BlackFideId "8604436"]
[EventDate "2019.06.19"]
[EventType "team"]

1. d4 d5 2. c4 c6 3. Nf3 Nf6 4. Nc3 dxc4 5. a4 Bg4 6. Ne5 Bh5 7. Nxc4 e6 8. Bg5
Bb4 9. Qb3 a5 10. e3 Nbd7 11. Be2 Bxe2 12. Kxe2 O-O 13. Rhd1 b5 14. Ne5 Qb6 15.
Nxd7 Nxd7 16. Kf1 bxa4 17. Qxa4 e5 18. Kg1 exd4 19. exd4 Rfe8 20. d5 Rac8 21.
dxc6 Nc5 22. Qb5 Qxb5 23. Nxb5 Nb3 24. c7 Nxa1 25. Rxa1 a4 26. Bf4 g5 27. Bd6
Ba5 28. h4 Re4 29. Rc1 Bb6 30. Kf1 gxh4 31. f3 Re6 32. Rc6 Ba5 33. Na7 Rxc7 34.
Bxc7 Rxc6 35. Nxc6 Bxc7 36. Ke2 Kg7 37. Ke3 Kf6 38. Ke4 Kg5 39. Nd4 Bd8 40. Nf5
Bf6 41. Nd6 Bxb2 42. Nxf7+ Kg6 43. Nd6 a3 0-1

[Event "CHN League Men 2019"]
[Site "Daqing CHN"]
[Date "2019.06.24"]
[Round "6.3"]
[Board "3"]
[White "Xiu, Deshun"]
[Black "Zhao, Chenxi"]
[Result "1-0"]
[WhiteTitle "GM"]
[WhiteElo "2538"]
[BlackElo "2383"]
[WhiteTeam "Beijing"]
[BlackTeam "Guangdong"]
[WhiteFideId "8603693"]
[BlackFideId "8611513"]
[EventDate "2019.06.19"]
[EventType "team"]

1. d4 Nf6 2. c4 g6 3. Nc3 Bg7 4. e4 d6 5. h3 O-O 6. Nf3 e5 7. d5 Nh5 8. g3 c5 9.
Be2 Qe7 10. Nh2 Nf6 11. g4 Ne8 12. Rg1 Kh8 13. Be3 f5 14. gxf5 gxf5 15. exf5
Bxf5 16. Bg4 Nd7 17. Bxf5 Rxf5 18. Qg4 Rf8 19. O-O-O Nef6 20. Qe6 Rae8 21. Qxe7
Rxe7 22. Nf3 Rg8 23. Nb5 Ne8 24. Nxa7 Nc7 25. Nb5 Nxb5 26. cxb5 Ra8 27. Kb1 e4
28. Ng5 Nb6 29. Rg4 Ra4 30. Ne6 Bf6 31. b3 Rb4 32. Rdg1 Re8 33. Ng5 Bxg5 34.
Rxg5 Nc4 35. Bc1 Rxb5 36. R5g4 Ne5 37. Rxe4 Rg8 38. Rd1 Rf8 39. Bb2 Rb4 40. Rxb4
cxb4 41. Bxe5+ dxe5 42. d6 Rd8 43. Rd5 Kg8 44. Kc2 1-0

[Event "CHN League Men 2019"]
[Site "Daqing CHN"]
[Date "2019.06.24"]
[Round "6.4"]
[Board "2"]
[White "Xu, Yi"]
[Black "Bao, Qilin"]
[Result "1/2-1/2"]
[WhiteTitle "IM"]
[BlackTitle "IM"]
[WhiteElo "2526"]
[BlackElo "2412"]
[WhiteTeam "Shanghai"]
[BlackTeam "Heilongjiang"]
[WhiteFideId "8605564"]
[BlackFideId "8605750"]
[EventDate "2019.06.19"]
[EventType "team"]

1. e4 c6 2. d4 d5 3. e5 Bf5 4. Nf3 e6 5. Be2 Nd7 6. O-O Ne7 7. c3 h6 8. Nbd2 Qc7
9. b4 a5 10. Nb3 axb4 11. cxb4 Nb6 12. Na5 Bg4 13. a3 Nf5 14. Qd3 Bh5 15. h3 Bg6
16. Qb3 Be7 17. Bb2 O-O 18. Rac1 Nd7 19. Qd1 Rfc8 20. Bd3 Qb6 21. Nb3 Qd8 22.
Na5 Qb6 23. Qe2 Nh4 24. Bxg6 Nxg6 25. g3 Qa7 26. h4 Bd8 27. Nb3 Ne7 28. Nc5 b6
29. Nxd7 Qxd7 30. Ne1 Nf5 31. Nd3 Qa7 32. h5 Qa6 33. g4 Nh4 34. Qe3 Qb5 35. Kh2
Be7 36. Kg3 c5 37. dxc5 bxc5 38. bxc5 Ra4 39. Nb4 Rxc5 40. Bd4 Rc4 41. Rxc4 dxc4
42. Rh1 Qb7 43. Rh2 1/2-1/2

[Event "CHN League Men 2019"]
[Site "Daqing CHN"]
[Date "2019.06.24"]
[Round "6.4"]
[Board "3"]
[White "Wu, Xibin"]
[Black "Lou, Yiping"]
[Result "0-1"]
[WhiteTitle "IM"]
[BlackTitle "IM"]
[WhiteElo "2203"]
[BlackElo "2482"]
[WhiteTeam "Heilongjiang"]
[BlackTeam "Shanghai"]
[WhiteFideId "8600309"]
[BlackFideId "8603928"]
[EventDate "2019.06.19"]
[EventType "team"]

1. e4 c5 2. Nf3 d6 3. d4 cxd4 4. Nxd4 Nf6 5. Nc3 a6 6. Be2 e5 7. Nb3 Be7 8. O-O
O-O 9. Bg5 Nbd7 10. a4 b6 11. Bc4 Bb7 12. Qe2 Qb8 13. Rfd1 Rc8 14. Nd2 Rc7 15.
Nf1 Qe8 16. Ne3 g6 17. Bxf6 Nxf6 18. Bd5 Bf8 19. Nc4 Nxd5 20. Nxd5 Bxd5 21. Rxd5
Rac8 22. Nxb6 Rxc2 23. Qxa6 R8c6 24. Qb5 Qd8 25. a5 Qh4 26. Rf1 Qxe4 27. b3 Rc1
28. Rdd1 R1c5 29. Qa6 Qb4 30. Ra1 d5 31. Qa8 Rd6 32. g3 Kg7 33. Rfc1 Rxc1+ 34.
Rxc1 Qxb3 35. Qc8 Qa3 36. Kg2 Qxa5 37. Nd7 Be7 38. Nxe5 d4 39. Rc5 Qa2 40. Qb7
Rf6 41. Ng4 Rxf2+ 42. Nxf2 Bxc5 43. Qe4 Kg8 44. Kf3 Qb3+ 45. Ke2 h5 46. Nd3 Qa2+
47. Kf3 Bf8 48. h3 Bg7 49. g4 h4 50. g5 Qd2 51. Kg4 Qd1+ 52. Qf3 Qg1+ 53. Kxh4
Bf8 54. Qe4 Bd6 55. Ne5 Qf2+ 56. Kg4 Qf5+ 0-1

[Event "CHN League Men 2019"]
[Site "Daqing CHN"]
[Date "2019.06.24"]
[Round "6.4"]
[Board "4"]
[White "Xu, Yining"]
[Black "Hou, Yifan b"]
[Result "1-0"]
[WhiteElo "2359"]
[BlackElo "1932"]
[WhiteTeam "Shanghai"]
[BlackTeam "Heilongjiang"]
[WhiteFideId "8603650"]
[BlackFideId "8619492"]
[EventDate "2019.06.19"]
[EventType "team"]

1. e4 c5 2. Nf3 Nc6 3. d4 cxd4 4. Nxd4 Qc7 5. Nc3 e6 6. Be3 a6 7. a3 Nf6 8. f4
d6 9. Qf3 Bd7 10. Bd3 Be7 11. O-O O-O 12. Nde2 Na5 13. b3 b6 14. Kh1 Rfe8 15.
Rae1 Bc8 16. e5 Bb7 17. Qh3 dxe5 18. Bxb6 Qxb6 19. fxe5 g6 20. exf6 Bxa3 21. Nf4
Bf8 22. Ne4 Bxe4 23. Rxe4 Ra7 24. Nd5 Qd6 25. Rh4 h6 26. Ne7+ Kh7 27. Nxg6 fxg6
28. Qg4 1-0

[Event "CHN League Men 2019"]
[Site "Daqing CHN"]
[Date "2019.06.24"]
[Round "6.5"]
[Board "1"]
[White "Lin, Chen"]
[Black "Liu, Zexu"]
[Result "1/2-1/2"]
[WhiteTitle "GM"]
[WhiteElo "2497"]
[BlackElo "2121"]
[WhiteTeam "Jiangsu"]
[BlackTeam "Wuxi"]
[WhiteFideId "8602298"]
[BlackFideId "8605963"]
[EventDate "2019.06.19"]
[EventType "team"]

1. e4 e5 2. Nf3 Nc6 3. Bc4 Nf6 4. d3 Be7 5. O-O O-O 6. Re1 d6 7. c3 Na5 8. Bb5
a6 9. Ba4 b5 10. Bc2 c5 11. Nbd2 Nc6 12. Nf1 h6 13. h3 Re8 14. d4 cxd4 15. cxd4
exd4 16. Nxd4 Nxd4 17. Qxd4 Be6 18. Bf4 Rc8 19. Ne3 Nh5 20. Bh2 Bf6 21. Qd1 g6
22. g4 Ng7 23. Rb1 Rc6 24. a4 Ba2 25. Ra1 Be6 26. axb5 axb5 27. Bd3 Qb6 28. Nd5
Bxd5 29. exd5 Rcc8 30. Qb3 Rxe1+ 31. Rxe1 Bd4 32. Re2 b4 33. Qa4 Be5 34. Bxe5
dxe5 35. Re4 Rc1+ 36. Kg2 Qd6 37. Qa8+ Kh7 38. Rc4 Rxc4 39. Bxc4 e4 40. Qa7 Qf4
41. d6 Qf3+ 42. Kg1 Qd1+ 43. Bf1 Qd5 44. Qe7 Kg8 45. Qd8+ Kh7 46. Qe7 Kg8 47. d7
Ne6 48. Qxb4 e3 49. fxe3 Qxd7 50. Qb8+ Kh7 51. Qe5 Ng5 52. Bg2 Qd2 53. Qf4 Kg8
54. Qf2 Qc1+ 55. Kh2 Qc5 56. Qf4 Ne6 57. b4 Qb6 58. Qe4 Qd6+ 59. Kg1 Qd1+ 60.
Kh2 Qd6+ 61. Kg1 Qd1+ 62. Bf1 Ng5 63. Qa8+ 1/2-1/2

[Event "CHN League Men 2019"]
[Site "Daqing CHN"]
[Date "2019.06.24"]
[Round "6.5"]
[Board "2"]
[White "Chen, KaiLin"]
[Black "Xu, Jun"]
[Result "0-1"]
[BlackTitle "GM"]
[WhiteElo "2073"]
[BlackElo "2481"]
[WhiteTeam "Wuxi"]
[BlackTeam "Jiangsu"]
[WhiteFideId "8620954"]
[BlackFideId "8600031"]
[EventDate "2019.06.19"]
[EventType "team"]

1. e4 c5 2. Nf3 d6 3. d4 cxd4 4. Nxd4 Nf6 5. Nc3 Nc6 6. g3 g6 7. Bg2 Nxd4 8.
Qxd4 Bg7 9. O-O O-O 10. Qd3 Be6 11. Nd5 Rc8 12. Rb1 Nxd5 13. exd5 Bf5 14. Be4
Bh3 15. Bg2 Bxg2 16. Kxg2 Bf6 17. Be3 Qc7 18. c3 Qc4 19. Qxc4 Rxc4 20. Rfd1 h5
21. Rd3 b5 22. Rbd1 Rfc8 23. Bd4 Kg7 24. f4 a5 25. Kf3 b4 26. b3 R4c7 27. c4 a4
28. Ke4 axb3 29. axb3 Ra8 30. h4 Ra3 31. Rf1 Bxd4 32. Kxd4 Kf6 33. Ke4 Ra2 34.
f5 g5 35. hxg5+ Kxg5 36. Rdf3 f6 37. R1f2 Rxf2 38. Rxf2 Kg4 39. Rh2 Ra7 40. Rh4+
Kg5 41. Rf4 Ra1 42. Kd4 Rd1+ 43. Ke4 Rg1 44. Rf3 Kg4 45. Rf4+ Kxg3 46. Rf3+ Kg4
47. Rf4+ Kg5 48. Rf2 h4 49. Kd4 h3 50. Ke4 Kh4 51. Re2 Rg2 52. Re1 h2 53. Kf4
Rg1 0-1

[Event "CHN League Men 2019"]
[Site "Daqing CHN"]
[Date "2019.06.24"]
[Round "6.5"]
[Board "3"]
[White "Yu, Ruiyuan"]
[Black "Zhao, Juncheng"]
[Result "1-0"]
[WhiteTitle "GM"]
[WhiteElo "2471"]
[BlackElo "1998"]
[WhiteTeam "Jiangsu"]
[BlackTeam "Wuxi"]
[WhiteFideId "8603090"]
[BlackFideId "8609489"]
[EventDate "2019.06.19"]
[EventType "team"]

1. e4 e6 2. d4 d5 3. Nd2 dxe4 4. Nxe4 Bd7 5. Nf3 Bc6 6. Bd3 Nd7 7. c3 Ngf6 8.
Ng3 Be7 9. O-O Bxf3 10. Qxf3 c6 11. Bf4 O-O 12. Rad1 Qb6 13. Rd2 c5 14. Be5 cxd4
15. Bxd4 Bc5 16. Bxf6 Nxf6 17. Ne4 Be7 18. c4 Rfd8 19. c5 Qc6 20. Rc2 Rd4 21.
Nxf6+ Bxf6 22. Be2 Rc8 23. Qb3 Qa4 24. Qxa4 Rxa4 25. b3 Rd4 26. Rb1 Kf8 27. b4
a6 28. Kf1 Ke7 29. Bf3 Rd7 30. b5 axb5 31. Rxb5 Bd4 32. Bxb7 Rxc5 33. Rbxc5 Bxc5
34. Bc6 Rc7 35. Rxc5 Kd6 36. Rc2 Rxc6 37. Rxc6+ Kxc6 38. Ke2 Kb5 39. Kd3 Kb4 40.
Kd4 Ka3 41. Ke5 Kxa2 42. Kd6 Kb3 43. Ke7 e5 44. Kxf7 Kc4 45. Kxg7 Kd3 46. Kxh7
Ke2 47. g4 1-0

[Event "CHN League Men 2019"]
[Site "Daqing CHN"]
[Date "2019.06.24"]
[Round "6.5"]
[Board "4"]
[White "Xie, Kaifan"]
[Black "Chen, Qi b"]
[Result "1/2-1/2"]
[WhiteTitle "CM"]
[BlackTitle "IM"]
[WhiteElo "1969"]
[BlackElo "2453"]
[WhiteTeam "Wuxi"]
[BlackTeam "Jiangsu"]
[WhiteFideId "8619107"]
[BlackFideId "8614733"]
[EventDate "2019.06.19"]
[EventType "team"]

1. d4 Nf6 2. c4 g6 3. Nc3 Bg7 4. e4 d6 5. f3 O-O 6. Be3 c5 7. dxc5 dxc5 8. Qxd8
Rxd8 9. Bxc5 Nc6 10. Be3 Be6 11. Rc1 Nb4 12. b3 Nh5 13. g4 Nd3+ 14. Bxd3 Rxd3
15. Nd1 Nf6 16. Nh3 Rdd8 17. Nf4 Bd7 18. Ke2 e6 19. Nc3 Bc6 20. Nd3 a5 21. Rhd1
h5 22. h3 hxg4 23. hxg4 Ne8 24. Bf4 Rac8 25. Ne5 Bxe5 26. Bxe5 f6 27. Bg3 Kf7
28. Bf2 f5 29. Rxd8 Rxd8 30. Bb6 Ra8 31. gxf5 gxf5 32. Rd1 fxe4 33. fxe4 Nf6 34.
Ke3 Ke7 35. Bc5+ Kf7 36. Rf1 Kg6 37. e5 Nd7 38. Bd6 Rh8 39. Rg1+ Kf7 40. Ne2 Rh5
41. Ng3 Rh2 42. Rf1+ Ke8 43. a3 Rg2 44. Ne2 Rg5 45. Nd4 Nxe5 46. Nxe6 Ng4+ 47.
Kf4 Rg8 48. Nc5 Rg6 49. Re1+ Kd8 50. Be7+ Kc8 51. Bg5 Nh2 1/2-1/2

[Event "CHN League Men 2019"]
[Site "Daqing CHN"]
[Date "2019.06.24"]
[Round "6.6"]
[Board "2"]
[White "Peng, Hongchi"]
[Black "Wang, Shixu B"]
[Result "1/2-1/2"]
[WhiteElo "2370"]
[BlackElo "2392"]
[WhiteTeam "Hebei"]
[BlackTeam "Chongqing"]
[WhiteFideId "8609047"]
[BlackFideId "8610665"]
[EventDate "2019.06.19"]
[EventType "team"]

1. e4 e5 2. Nf3 Nc6 3. Bb5 Nf6 4. d3 d6 5. O-O Bd7 6. c4 g6 7. Nc3 Bg7 8. h3 O-O
9. Be3 Nh5 10. Bxc6 bxc6 11. d4 exd4 12. Bxd4 Bxd4 13. Qxd4 c5 14. Qd2 Bc6 15.
Nd5 Re8 16. Rfe1 Bxd5 17. exd5 Qf6 18. b3 Nf4 19. Kh2 Ne2 20. Rad1 Nc3 21. Rc1
Ne4 22. Qc2 Qf4+ 23. Kg1 Re7 24. Re2 Rae8 25. Rce1 Ng5 26. Nxg5 Qxg5 27. Rxe7
Rxe7 28. Rxe7 Qxe7 29. Qd2 h5 30. Qa5 h4 1/2-1/2

[Event "CHN League Men 2019"]
[Site "Daqing CHN"]
[Date "2019.06.24"]
[Round "6.7"]
[Board "1"]
[White "Xu, Minghui"]
[Black "Lin, Haoyang"]
[Result "1-0"]
[WhiteElo "2368"]
[BlackElo "1713"]
[WhiteTeam "Zhejiang"]
[BlackTeam "Qingdao"]
[WhiteFideId "8606790"]
[BlackFideId "8625921"]
[EventDate "2019.06.19"]
[EventType "team"]

1. d4 Nf6 2. c4 e6 3. Nc3 Bb4 4. e3 O-O 5. Ne2 d5 6. a3 Bxc3+ 7. Nxc3 Nbd7 8.
cxd5 exd5 9. Be2 c6 10. O-O Re8 11. b4 a6 12. Qc2 Nf8 13. f3 g6 14. Bd3 Ne6 15.
Bb2 Ng7 16. Rae1 Be6 17. e4 Nfh5 18. Ne2 dxe4 19. fxe4 f5 20. exf5 Bxf5 21. Bxf5
Nxf5 22. Qc4+ Qd5 23. Qxd5+ cxd5 24. g4 Ne3 25. gxh5 Nxf1 26. Kxf1 g5 27. Nc3
Rxe1+ 28. Kxe1 Rd8 29. Na4 Kg7 30. Bc1 Kf6 31. Nc5 Re8+ 32. Kf2 Re7 33. Be3 Kf5
34. h3 Rc7 35. Bxg5 Rg7 36. h4 Kg4 37. h6 Rf7+ 38. Ke2 Kf5 39. Kd2 b5 40. Kc3
Ra7 41. Kb3 Ra8 42. a4 Ra7 43. a5 Ra8 44. Kc3 Kg6 45. Kd3 Kf5 46. Ke3 Kg4 47.
Kf2 Rf8+ 48. Kg1 Ra8 49. Kg2 Ra7 50. Bd8 Ra8 51. Bb6 Re8 52. Kf2 Rf8+ 53. Ke2
Kg3 54. Nxa6 Rf2+ 55. Ke1 Kf3 56. Nc5 Ke3 57. Kd1 Rd2+ 58. Kc1 Ra2 59. Kb1 Rh2
60. a6 Kd2 61. a7 Kc3 62. a8=Q Rh1+ 63. Ka2 Rh2+ 64. Ka3 Rh1 65. Nb3 1-0

[Event "CHN League Men 2019"]
[Site "Daqing CHN"]
[Date "2019.06.24"]
[Round "6.7"]
[Board "2"]
[White "Gong, Sunle"]
[Black "Lan, Zilun"]
[Result "0-1"]
[WhiteElo "1697"]
[BlackElo "2352"]
[WhiteTeam "Qingdao"]
[BlackTeam "Zhejiang"]
[WhiteFideId "8620229"]
[BlackFideId "8604193"]
[EventDate "2019.06.19"]
[EventType "team"]

1. d4 d5 2. c4 e6 3. Nc3 c6 4. e3 f5 5. Nf3 Nf6 6. Bd3 Bd6 7. O-O O-O 8. h3 Ne4
9. Bd2 Nd7 10. Rb1 a5 11. a3 Rf6 12. Ne1 Rg6 13. cxd5 exd5 14. f3 Ng3 15. Rf2
Qh4 16. f4 Ne4 17. Nxe4 fxe4 18. Be2 Nf6 19. g4 h5 20. Rh2 Nh7 21. Ng2 Qe7 22.
Be1 Re6 23. Nh4 Rh6 24. gxh5 Qf7 25. Bg4 Nf8 26. Bxc8 Rxc8 27. Qg4 Rd8 28. Bxa5
Rd7 29. Nf5 Rxh5 30. Nxd6 Rxd6 31. Kf2 Rdh6 32. Rg1 Rh4 33. Qg3 Qd7 34. Rhg2 Rh7
35. Bb4 c5 36. Bxc5 Rxh3 37. Qg5 Ne6 38. Qe5 Rf3+ 39. Ke1 Rxe3+ 40. Kd2 Rf3 41.
f5 Nxc5 42. Rxg7+ Rxg7 43. Rxg7+ Qxg7 44. Qe8+ Kh7 45. Qh5+ Qh6+ 0-1

[Event "CHN League Men 2019"]
[Site "Daqing CHN"]
[Date "2019.06.24"]
[Round "6.7"]
[Board "3"]
[White "Yu, Lie"]
[Black "Shi, Jiashuo"]
[Result "1/2-1/2"]
[WhiteTitle "IM"]
[WhiteElo "2315"]
[BlackElo "1564"]
[WhiteTeam "Zhejiang"]
[BlackTeam "Qingdao"]
[WhiteFideId "8603715"]
[BlackFideId "8625409"]
[EventDate "2019.06.19"]
[EventType "team"]

1. d4 Nf6 2. c4 g6 3. Nc3 d5 4. f3 Bg7 5. e4 dxe4 6. fxe4 O-O 7. Nf3 Bg4 8. Be2
Ne8 9. Be3 c5 10. d5 Nd7 11. O-O b6 12. Qe1 Nd6 13. Qh4 Bxf3 14. Rxf3 Bf6 15.
Qh6 Be5 16. Qh4 Bf6 17. Qf4 Be5 18. Qh4 Bf6 19. Qh6 Bg7 20. Qh4 Bf6 21. Qh6 Bg7
22. Qh4 Bf6 23. Qh6 Bg7 24. Qh4 1/2-1/2

[Event "CHN League Men 2019"]
[Site "Daqing CHN"]
[Date "2019.06.24"]
[Round "6.7"]
[Board "4"]
[White "Liu, Yinuo"]
[Black "Liu, Yutong"]
[Result "0-1"]
[WhiteElo "1448"]
[BlackElo "1811"]
[WhiteTeam "Qingdao"]
[BlackTeam "Zhejiang"]
[WhiteFideId "8620296"]
[BlackFideId "8610487"]
[EventDate "2019.06.19"]
[EventType "team"]

1. e4 c5 2. f4 d5 3. e5 Nc6 4. Nf3 Nh6 5. g3 Bg4 6. Bg2 e6 7. O-O Be7 8. c3 Nf5
9. d3 h5 10. h3 Bxf3 11. Qxf3 Qb6 12. Nd2 O-O-O 13. Re1 g5 14. Nf1 gxf4 15. Qxf4
Rdg8 16. Qf2 Rh7 17. Kh2 Rhg7 18. Bf4 Bg5 19. Bxg5 Rxg5 20. Re2 Qc7 21. Rae1
Nxg3 22. Nxg3 Rxg3 23. Qxg3 Rxg3 24. Kxg3 Nxe5 25. Rxe5 f6 26. d4 cxd4 27. cxd4
fxe5 28. Rxe5 Qb6 29. Rxh5 Qxd4 30. Bf3 e5 31. h4 Qf4+ 32. Kg2 e4 33. Be2 d4 34.
Rh8+ Kc7 35. h5 d3 36. Bf1 Qf3+ 37. Kg1 d2 38. Rh7+ Kd6 39. Rh6+ Ke5 40. Rg6
d1=Q 41. Rg5+ Kd4 42. Kh2 Qf4+ 43. Rg3 Qxh5+ 44. Kg2 Qd2+ 45. Be2 Qdxe2+ 46. Kg1
Qhh2# 0-1

[Event "CHN League Men 2019"]
[Site "Daqing CHN"]
[Date "2019.06.24"]
[Round "6.8"]
[Board "1"]
[White "Wu, Wenda"]
[Black "Fang, Yuxiang"]
[Result "0-1"]
[BlackTitle "GM"]
[WhiteElo "1735"]
[BlackElo "2463"]
[WhiteTeam "Ningbo"]
[BlackTeam "Shanxi"]
[WhiteFideId "8618615"]
[BlackFideId "8605840"]
[EventDate "2019.06.19"]
[EventType "team"]

1. d4 c5 2. d5 e5 3. e4 d6 4. Bd3 Be7 5. Nf3 Bg4 6. Nc3 a6 7. a4 Nd7 8. a5 Rc8
9. b3 Bxf3 10. Qxf3 Bg5 11. Bb2 Qf6 12. Qe2 h5 13. Na4 h4 14. Bc3 Ne7 15. Rf1
Qh6 16. Nb6 Nxb6 17. axb6 f5 18. Bxa6 bxa6 19. Qxa6 O-O 20. b7 Rb8 21. Qa7 Kh7
22. Ba5 fxe4 23. c4 Nf5 24. Ra2 Nd4 25. Bc7 Bd8 0-1

[Event "CHN League Men 2019"]
[Site "Daqing CHN"]
[Date "2019.06.24"]
[Round "6.8"]
[Board "2"]
[White "Zhou, Yibo"]
[Black "Wan, Minghan"]
[Result "1-0"]
[WhiteElo "1934"]
[BlackElo "1592"]
[WhiteTeam "Shanxi"]
[BlackTeam "Ningbo"]
[WhiteFideId "8610967"]
[BlackFideId "8618577"]
[EventDate "2019.06.19"]
[EventType "team"]

1. d4 Nf6 2. g3 g6 3. Nf3 Bg7 4. Bg2 d6 5. c4 O-O 6. O-O Nbd7 7. Nc3 e5 8. Qc2
Re8 9. Rd1 c6 10. b3 Qc7 11. Ba3 Bf8 12. e3 a5 13. Rac1 Qb8 14. d5 c5 15. e4 Nb6
16. Rb1 Bd7 17. Bf1 Nc8 18. Bc1 Na7 19. Bg5 Bg7 20. a3 Qc7 21. Qd3 Rec8 22. Rdc1
Rab8 23. b4 axb4 24. axb4 cxb4 25. Rxb4 Ng4 26. Rcb1 Qc5 27. Qe2 Rf8 28. h3 f6
29. Bd2 Nh6 30. Rxb7 Rxb7 31. Rxb7 Bc8 32. Be3 Qa5 33. Rxa7 Qxc3 34. Qd2 Qxd2
35. Bxd2 f5 36. Ng5 f4 37. Bb4 Rd8 38. Rc7 fxg3 39. fxg3 Bf8 40. Nxh7 Nf7 41.
Nxf8 Rxf8 42. c5 Ng5 43. cxd6 Nxh3+ 44. Kh2 1-0

[Event "CHN League Men 2019"]
[Site "Daqing CHN"]
[Date "2019.06.24"]
[Round "6.9"]
[Board "1"]
[White "Xie, Jianjun"]
[Black "Song, Yuchen"]
[Result "1-0"]
[WhiteTitle "FM"]
[WhiteElo "2427"]
[BlackElo "1512"]
[WhiteTeam "Hunan"]
[BlackTeam "Harbin"]
[WhiteFideId "8600953"]
[BlackFideId "8630364"]
[EventDate "2019.06.19"]
[EventType "team"]

1. e4 e6 2. d4 d5 3. Nd2 c5 4. exd5 Qxd5 5. Ngf3 cxd4 6. Bc4 Qd8 7. O-O Nf6 8.
Nb3 Nc6 9. Nbxd4 Nxd4 10. Nxd4 Be7 11. c3 O-O 12. Qe2 a6 13. Re1 b5 14. Nc6 Qc7
15. Nxe7+ Qxe7 16. Bd3 h6 17. a4 bxa4 18. Rxa4 a5 19. Qe5 Qd7 20. Rd4 Qe7 21.
Bxh6 Rd8 22. Qg5 g6 23. Bxg6 fxg6 24. Qxg6+ Kh8 25. Rxd8+ Qxd8 26. Qg7# 1-0

[Event "CHN League Men 2019"]
[Site "Daqing CHN"]
[Date "2019.06.24"]
[Round "6.9"]
[Board "2"]
[White "Chen, Junyu"]
[Black "Shen, Siyuan"]
[Result "0-1"]
[BlackTitle "IM"]
[WhiteElo "1232"]
[BlackElo "2334"]
[WhiteTeam "Harbin"]
[BlackTeam "Hunan"]
[WhiteFideId "8631042"]
[BlackFideId "8602832"]
[EventDate "2019.06.19"]
[EventType "team"]

1. d4 c5 2. d5 e5 3. e4 d6 4. Be3 g6 5. Bb5+ Bd7 6. Bxd7+ Nxd7 7. Nf3 Ngf6 8.
Nfd2 b5 9. O-O Bg7 10. f3 O-O 11. a4 a6 12. Na3 Qa5 13. axb5 axb5 14. Qe2 c4 15.
Naxc4 Qxa1 16. Rxa1 Rxa1+ 17. Kf2 bxc4 18. Nxc4 Rb8 19. b3 Bf8 20. g3 Ne8 21. f4
Ra2 22. f5 Nef6 23. g4 Rxb3 24. g5 Nxe4+ 25. Kf3 gxf5 26. cxb3 Rxe2 27. Kxe2
Nc3+ 28. Kd3 Nxd5 29. Bd2 N7b6 30. b4 e4+ 31. Kd4 Bg7+ 32. Ne5 Bxe5# 0-1

[Event "CHN League Men 2019"]
[Site "Daqing CHN"]
[Date "2019.06.25"]
[Round "7.1"]
[Board "1"]
[White "Dai, Changren"]
[Black "Bai, Jinshi"]
[Result "1/2-1/2"]
[WhiteTitle "IM"]
[BlackTitle "GM"]
[WhiteElo "2480"]
[BlackElo "2606"]
[WhiteTeam "Tianjin"]
[BlackTeam "Shanghai"]
[WhiteFideId "8608156"]
[BlackFideId "8602280"]
[EventDate "2019.06.19"]
[EventType "team"]

1. e4 e5 2. Nf3 Nf6 3. Nxe5 d6 4. Nf3 Nxe4 5. Bd3 Nf6 6. h3 Be7 7. O-O O-O 8. c3
b6 9. Bc2 Bb7 10. d4 Nbd7 11. Re1 Re8 12. Bg5 Bf8 13. Nbd2 g6 14. Rxe8 Qxe8 15.
Qf1 Bg7 16. Re1 Qf8 17. Qc4 Bd5 18. Qa6 Qc8 19. Qf1 h6 20. Bf4 Qf8 21. Ba4 Re8
22. c4 Rxe1 23. Qxe1 Bb7 24. b4 a6 25. Bg3 b5 26. cxb5 Nb6 27. Bc2 axb5 28. Bd3
Qa8 29. Bxb5 Qxa2 30. Qe7 Nbd5 31. Qd8+ Bf8 32. Bc4 Qa8 33. Qxa8 Bxa8 34. b5 Nc3
35. Ne1 Bd5 36. Bf1 Be6 37. Nc2 Bd7 38. Na3 Nfd5 39. Bd3 Bg7 40. Nb3 Nb6 41. Bf4
Be6 42. Bd2 Nba4 43. Bc2 Ne2+ 44. Kf1 Nac3 45. Be3 Bxb3 46. Bxb3 Nxd4 47. Bc4 d5
48. Bd3 Kf8 49. Bd2 Nb3 50. Bf4 Nc5 51. Bxc7 Nxd3 52. b6 Be5 53. f4 Bd4 54. b7
Ba7 55. b8=Q+ Bxb8 56. Bxb8 Ke7 57. Nc2 Nb5 58. Ke2 Nc1+ 59. Ke3 f6 60. g4 Ke6
61. h4 f5 62. h5 gxh5 63. gxh5 Nb3 64. Be5 Kf7 65. Nb4 d4+ 66. Kd3 Nc3 67. Bxd4
Nxd4 68. Kxd4 Ne2+ 69. Ke5 Ng3 70. Nd5 1/2-1/2

[Event "CHN League Men 2019"]
[Site "Daqing CHN"]
[Date "2019.06.25"]
[Round "7.1"]
[Board "3"]
[White "Chu, Wei Chao"]
[Black "Lou, Yiping"]
[Result "1/2-1/2"]
[WhiteTitle "IM"]
[BlackTitle "IM"]
[WhiteElo "2374"]
[BlackElo "2482"]
[WhiteTeam "Tianjin"]
[BlackTeam "Shanghai"]
[WhiteFideId "8605661"]
[BlackFideId "8603928"]
[EventDate "2019.06.19"]
[EventType "team"]

1. d4 Nf6 2. c4 g6 3. Nc3 d5 4. Nf3 Bg7 5. h3 O-O 6. cxd5 Nxd5 7. e4 Nxc3 8.
bxc3 b6 9. Be3 Bb7 10. Bd3 c5 11. O-O cxd4 12. cxd4 Nc6 13. d5 Nb4 14. Bd4 Bxd4
15. Nxd4 e6 16. Bb5 exd5 17. a3 Na6 18. Bc6 Rb8 19. exd5 Qf6 20. Re1 Nc5 21.
Bxb7 Rxb7 22. Nc6 Rd7 23. Qc2 Kg7 24. Rad1 h5 25. a4 Rc8 26. a5 Nb7 27. Qa4 bxa5
28. Nxa7 Rcc7 29. Nc6 Rd6 30. Qb5 Rcd7 31. Nxa5 Nxa5 32. Qxa5 Qd8 33. Qxd8 Rxd8
34. Re5 f6 35. Re7+ Kf8 36. Rh7 Kg8 37. Ra7 1/2-1/2

[Event "CHN League Men 2019"]
[Site "Daqing CHN"]
[Date "2019.06.25"]
[Round "7.2"]
[Board "2"]
[White "Li, Chao b"]
[Black "Xiang, Zeyu"]
[Result "1-0"]
[WhiteTitle "GM"]
[BlackTitle "IM"]
[WhiteElo "2698"]
[BlackElo "2432"]
[WhiteTeam "Beijing"]
[BlackTeam "Hangzhou"]
[WhiteFideId "8604436"]
[BlackFideId "8608547"]
[EventDate "2019.06.19"]
[EventType "team"]

1. d4 d5 2. c4 e6 3. Nc3 Nf6 4. cxd5 Nxd5 5. e4 Nxc3 6. bxc3 c5 7. Nf3 cxd4 8.
cxd4 Bb4+ 9. Bd2 Bxd2+ 10. Qxd2 O-O 11. Rc1 Nc6 12. Be2 Ne7 13. O-O b6 14. h4
Bb7 15. Bd3 Rc8 16. Rcd1 h6 17. Rfe1 Qc7 18. Qe3 Nc6 19. Bb1 Rfd8 20. h5 Qe7 21.
d5 exd5 22. e5 Ba6 23. Qf4 d4 24. Be4 Qe8 25. Qf5 g6 26. Qf4 Qf8 27. hxg6 fxg6
28. Qg4 Ne7 29. Rxd4 Rxd4 30. Nxd4 Qg7 31. f4 Rd8 32. Ne6 Bc8 33. Bf5 Bxe6 34.
Bxe6+ Kh8 35. Rc1 Rd4 36. Rd1 Nc6 37. Bb3 Rxd1+ 38. Qxd1 Qf8 39. Qd7 Qc5+ 40.
Kf1 Qb5+ 41. Ke1 Qb4+ 42. Kd1 Ne7 43. Qe8+ Kg7 44. Qf7+ Kh8 45. Qf8+ Kh7 46.
Bg8+ Kh8 47. Be6+ Kh7 48. Qf7+ Kh8 49. Ke2 Qe4+ 50. Kf1 Qd3+ 51. Kg1 Qd4+ 52.
Kh2 Qc5 53. Kh3 a5 54. g3 Qb4 55. Kg4 Qc5 56. f5 Qb4+ 57. Bc4 gxf5+ 58. Kh5 b5
59. Qf6+ 1-0